000 00446nam a2200181Ia 4500
005 20250603145034.0
008 250603s9999 xx 000 0 und d
020 _a9780078213670
050 _aRC 735.I5 .M47/
100 _aMerki, Mary Bronson
245 0 _aGlencoe health : a guide to wellness
260 _aUnited State
260 _bGlencoe / McGraw-Hill
260 _c2001
300 _a832 p
650 _aUnited State
942 _cBK
999 _c40687
_d40687